| 000 | 00611nam a2200181 4500 | ||
|---|---|---|---|
| 001 | 111034 | ||
| 003 | ES-MaACL | ||
| 005 | 20230906185227.0 | ||
| 007 | t| | ||
| 008 | 061121s1950 ag r ||||1| spa d | ||
| 100 | 1 |
_aOhm, Thomas. _986590 |
|
| 245 | 1 | 0 |
_aCrítica de Asia sobre el cristianismo occidental / _cThomas Ohm; versión castellana de P. Policarpo de Iraizoz. |
| 260 |
_aBuenos Aires : _bDescleé de Brouwer, _c1950. |
||
| 300 |
_a158 p. ; _c19 cm. |
||
| 500 | _aUnica traducción autorizada del original alemán. | ||
| 700 | 1 |
_aPolicarpo de Iraizoz. _992823 |
|
| 852 |
_aES-MaACL _jD-5538 _bR.31530 |
||
| 999 |
_c111034 _d111034 |
||